<?xml version="1.0" encoding="UTF-8"?>
<marc:record xmlns:marc="http://www.loc.gov/MARC21/slim">
   <marc:leader>00000nam a2200000 a 4500</marc:leader>
   <marc:datafield ind1="1" ind2=" " tag="100">
      <marc:subfield code="a">Wölbern, Jan Philipp</marc:subfield>
      <marc:subfield code="4">aut</marc:subfield>
      <marc:subfield code="e">Verfasser/-in</marc:subfield>
   </marc:datafield>
   <marc:datafield ind1=" " ind2=" " tag="653">
      <marc:subfield code="a">Geschichte 1962-1989</marc:subfield>
   </marc:datafield>
   <marc:datafield ind1=" " ind2=" " tag="653">
      <marc:subfield code="a">Politischer Gefangener</marc:subfield>
   </marc:datafield>
   <marc:datafield ind1=" " ind2=" " tag="653">
      <marc:subfield code="a">Freikauf</marc:subfield>
   </marc:datafield>
   <marc:datafield ind1=" " ind2=" " tag="653">
      <marc:subfield code="a">Gefangenenaustausch</marc:subfield>
   </marc:datafield>
   <marc:datafield ind1=" " ind2=" " tag="653">
      <marc:subfield code="a">Deutschland (DDR) /Geschichte</marc:subfield>
   </marc:datafield>
   <marc:datafield ind1=" " ind2=" " tag="653">
      <marc:subfield code="a">Politik 1945 ff.</marc:subfield>
   </marc:datafield>
   <marc:datafield ind1=" " ind2=" " tag="653">
      <marc:subfield code="a">Deutschland /Geschichte</marc:subfield>
   </marc:datafield>
   <marc:datafield ind1=" " ind2=" " tag="653">
      <marc:subfield code="a">Häftlingsaustausch</marc:subfield>
   </marc:datafield>
   <marc:datafield ind1=" " ind2=" " tag="653">
      <marc:subfield code="a">Softcover / Geschichte/Zeitgeschichte (1945 bis 1989)</marc:subfield>
   </marc:datafield>
   <marc:datafield ind1="0" ind2="0" tag="245">
      <marc:subfield code="a">Der Häftlingsfreikauf aus der DDR 1962/63–1989</marc:subfield>
   </marc:datafield>
   <marc:datafield ind1="0" ind2="0" tag="245">
      <marc:subfield code="b">zwischen Menschenhandel und humanitären Aktionen ; [mit 6 Tabellen</marc:subfield>
   </marc:datafield>
   <marc:datafield ind1="0" ind2="0" tag="245">
      <marc:subfield code="c">Jan Philipp Wölbern</marc:subfield>
   </marc:datafield>
   <marc:datafield ind1=" " ind2="1" tag="264">
      <marc:subfield code="a">Göttingen</marc:subfield>
      <marc:subfield code="b">Vandenhoeck &amp; Ruprecht</marc:subfield>
      <marc:subfield code="c">2014</marc:subfield>
   </marc:datafield>
   <marc:datafield ind1="1" ind2=" " tag="490">
      <marc:subfield code="a">Analysen und Dokumente</marc:subfield>
      <marc:subfield code="v">Bd. 38</marc:subfield>
   </marc:datafield>
   <marc:datafield ind1="1" ind2=" " tag="520">
      <marc:subfield code="a">Angaben aus der Verlagsmeldung

Der Häftlingsfreikauf aus der DDR 1962/63–1989 : Zwischen Menschenhandel und humanitären Aktionen / von Jan Philipp Wölbern

Es war ein innerdeutsches Tauschgeschäft Mensch gegen Ware, das parallel zur Existenz von Mauer und Grenzregime praktiziert wurde. Von 1963 bis 1989 kaufte die Bundesregierung über 33.000 politische Häftlinge aus DDR-Gefängnissen frei, im Gegenzug erhielt das SED-Regime Waren im Wert von rund drei Milliarden DM. Als bevollmächtigte Vermittler verhandelten die Berliner Rechtsanwälte Jürgen Stange (West) und Wolfgang Vogel (Ost) unter strikter Geheimhaltung über die Namen und jeweiligen Gegenleistungen. Im Auftrag der SED war das Ministerium für Staatssicherheit an der Durchführung der „Häftlingsaktionen“ an zentraler Stelle beteiligt.
Jan Philipp Wölbern legt die erste quellenfundierte Gesamtdarstellung zur Geschichte des Häftlingsfreikaufs vor, die in wesentlichen Teilen auf die Aktenüberlieferung beim Bundesbeauftragten für die Stasi-Unterlagen zurückgreift. Im Kontext der deutsch-deutschen Beziehungen untersucht die Studie Entstehungsgeschichte, Entwicklung und Folgewirkungen des Häftlingsfreikaufs. Sie zeigt, dass er für beide Seiten eine Gratwanderung darstellte. Für den Westen, da er zwar unschuldig Inhaftierten zur Freiheit verhalf, die Gegenleistungen jedoch das SED-Regime stabilisierten. Noch größer waren die Widersprüche seitens der DDR: Einerseits wurden die Waren bzw. Devisen für Wirtschaft und Schuldendienst verwendet, doch demoralisierte der Freikauf die Mitarbeiter des Repressionsapparates, eröffnete Ausreisewilligen ein Schlupfloch in der Mauer und beschädigte das internationale Ansehen der DDR.
</marc:subfield>
   </marc:datafield>
   <marc:datafield ind1=" " ind2=" " tag="020">
      <marc:subfield code="a">9783525350799</marc:subfield>
      <marc:subfield code="9">9783525350799</marc:subfield>
   </marc:datafield>
   <marc:datafield ind1=" " ind2=" " tag="020">
      <marc:subfield code="a">3525350791</marc:subfield>
      <marc:subfield code="9">3525350791</marc:subfield>
   </marc:datafield>
   <marc:datafield ind1=" " ind2=" " tag="041">
      <marc:subfield code="a">ger</marc:subfield>
   </marc:datafield>
   <marc:datafield ind1=" " ind2=" " tag="300">
      <marc:subfield code="a">563 S.</marc:subfield>
   </marc:datafield>
</marc:record>
